00421nam a2200121 a 4500008004100000050001500041110004400056245006700100246003600167260006100203350000900264650002600273120416s1972 ||||||||||||||||| || u aHB 884 Int aInternational Students' Seminar held at10aPopulation overgrowthcedited by Lalit P. Agarwal [and others] aa challenge to young physicians aNew DelhibAll India Institute of Medical Sciencesc1972 a0.00 aPOPULATION OVERGROWTH